| 000 | 00355nam a2200145Ia 4500 | ||
|---|---|---|---|
| 008 | 150201s2013 xx 000 0 und d | ||
| 082 |
_a614.44 _bP13P |
||
| 100 | _aPARK ,K. | ||
| 245 | _aTB. OF PREVENTIVE AND SOCIAL MEDICINE | ||
| 250 | _a22ND | ||
| 260 |
_bBHANOT _aINDIA _c2013 |
||
| 300 | _a1-876 | ||
| 650 | _aCOMMUNITY MEDICINE | ||
| 942 |
_2ddc _cBK _06 |
||
| 999 |
_c1618 _d1618 |
||